| 000 | 00754nam a2200217 a 4500 | ||
|---|---|---|---|
| 005 | 20220519135440.0 | ||
| 008 | 991125s1985 mx 000 0 spa u | ||
| 035 | _aUPN01000007632 | ||
| 049 | _aAV | ||
| 050 | 4 | _aOLA 1 no.23 | |
| 100 | 1 |
_aSayavedra Soto, Roberto _929971 |
|
| 245 | 1 | 0 |
_aChispa y sus experimentos : _bel bote obediente / _cpor Roberto Sayavedra ; il. Gabriel Cortázar Calles. |
| 260 |
_aMéxico : _bChispa, _c1985. |
||
| 300 |
_a1 lámina: _bcol. ; 42x28 c |
||
| 440 | 0 |
_aTío bolita y sus ayudantes; _v23 |
|
| 501 | _aCon: 1 maletín de experimentos. -- Localizable en AV/RME/1 | ||
| 500 | _aMaterial ubicado en la sala infantil | ||
| 650 | 4 |
_aFISICA - _xEXPERIMENTOS _917544 |
|
| 650 | 2 |
_aFuentes de energía _916071 |
|
| 905 | _aLibro | ||
| 999 |
_c7632 _d7632 |
||